Rok 1934 v číslech

Bibliographic Details
Format: Book
Language:Czech
PhysicalDescription:236 s.
Published: Praha Státní úřad statistický 1935

MARC

LEADER 00000nam a22000007a 4500
001 vtls008639515
003 SK-MaSNL
005 20260224205311.0
008 060324s1935 xr 000 0 czes
040 |a SNK  |b slo  |c SNK  |e AACR2 
041 0 |a cze 
044 |a xr  |c CZ 
245 1 |a Rok 1934 v číslech 
260 |a Praha  |b Státní úřad statistický  |c 1935 
300 |a 236 s. 
999 |c 1167540  |d 1169470 
952 |a SNK  |b SNK  |y VYP  |7 0  |p 17A0532330  |o snkSD 3864 D1  |i snkK 2713/71  |8 3  |3 rekatalogizácia  |0 0  |1 0  |4 0  |d 2007-02-07  |l 0  |r 2026-02-24 20:53:11  |w 2026-02-24